Aspectos de la evolución histórica del movimiento de introducción de las ideas modernas en México : Guevara y Basoazabal /
Ensayo sobre la obra de Andrés de Guevara y Bazoazabal (1748-1801), filósofo y escritor jesuita mexicano nacido en Guanajuato, del que la autora interpreta su pensamiento filosófico y su influencia en el desarrollo de las ideas en México, no sin antes plantear un esbozo del trabajo de los intelectua...
-д хадгалсан:
| Үндсэн зохиолч: | |
|---|---|
| Формат: | Ном |
| Хэл сонгох: | испани |
| Хэвлэсэн: |
México :
edición de autor,
1970
|
| Нөхцлүүд: | |
| Шошгууд: |
Шошго байхгүй, Энэхүү баримтыг шошголох эхний хүн болох!
|
MARC
| LEADER | 00000nam^a2200000^a^4500 | ||
|---|---|---|---|
| 001 | 000398292 | ||
| 005 | 20250521000000.0 | ||
| 009 | 20260310121520.164 | ||
| 025 | |a Donación Buena Prensa, 1 ejemplar (noviembre 2016) | ||
| 037 | |a Acervo Xavier Clavigero | ||
| 041 | |a ESP | ||
| 082 | |a 199. 72 |b FRA | ||
| 100 | |a Franco Villaseñor, Susana |e (autor) | ||
| 245 | 1 | 0 | |a Aspectos de la evolución histórica del movimiento de introducción de las ideas modernas en México : |b Guevara y Basoazabal / |c S. Franco Villaseñor. |
| 264 | 1 | |a México : |b edición de autor, |c 1970 | |
| 300 | |a 126 p. | ||
| 336 | |a texto |b txt |2 rdacontenido | ||
| 337 | |a sin mediación |b n |2 rdamedio | ||
| 338 | |a volumen |b nc |2 rdasoporte | ||
| 520 | |a Ensayo sobre la obra de Andrés de Guevara y Bazoazabal (1748-1801), filósofo y escritor jesuita mexicano nacido en Guanajuato, del que la autora interpreta su pensamiento filosófico y su influencia en el desarrollo de las ideas en México, no sin antes plantear un esbozo del trabajo de los intelectuales contemporáneos a Andrés. Observación: en la cubierta se menciona que se trata de una tesis profesional, sin especificar la disciplina. | ||
| 593 | |a Tesis Profesional, Universidad de Guanajuato | ||
| 649 | |a XX | ||
| 650 | |a Jesuitas Mexicanos | ||
| 650 | |a Religiosos Mexicanos | ||
| 650 | |a Jesuitas en México - |x Historia - |y Epoca Colonial, 1517-1821 | ||
| 650 | |a Humanismo - |z México - |x Historia y Crítica | ||
| 650 | |a Filosofía Moderna - |x Historia y Crítica | ||
| 650 | |a Filosofía - |z México - |x Historia y Crítica - |x Tema Principal | ||
| 650 | |a México - |x Historia - |y Epoca Colonial, 1517-1821 | ||
| 650 | |a Guevara y Bazoazabal, Andrés de | ||
| 910 | |a Fondo General | ||
| 920 | |a Impresos - Tesis Externas | ||
| 930 | |a Colección General | ||
| 940 | |a Jesuitas | ||
| 905 | |a 101 | ||
| 901 | |a 0500293450 |b IT1 |c ACC |u 20250521 | ||
| 902 | |a https://opac.biblio.iteso.mx/vufind/Record/000398292 | ||